000 00508cam a2200193ua 4500
001 1610
008 110713n ii |||gr||||Z||||||eng
040 _cMAIN
082 _a336
100 1 _aChoudhury, Rabindra Kr.,
_eAuthor.
245 1 _aRasaha bigyan aru rasahuwa arthaniti
_cby Rabindra Kr. Choudhury
250 _a1st.
260 _aGuahati:
_bArun Prakashan,994.
300 _a328p:
_c23cm.
653 _aEconomics
653 _aPublic finance
700 _aDeka, Bhawananda,
_eAuthor .
942 _cBK
999 _c1497
_d1497